000 00359nam a2200145Ia 4500
008 191206s9999 xx 000 0 und d
020 _a0876688113 :
090 _aRC552
245 0 _aStress response syndromes
250 _a2nd ed.
260 _aJ. Aronson
260 _ccc1986
300 _a"xviii, 358 p. : ill. ; 24 cm."
999 _c16982
_d16982